000
00325nam a2200145Ia 4500
005
20251222153629.0
008
251222s9999||||xx |||||||||||||| ||spa||
020
_a
842723421X
082
_a
818.5/B65
100
_a
Blyton, Enid
245
0
_a
Misterio del Vagabundo
250
_a
1ra.ed.
264
_b
Molino
942
_c
LIB
999
_c
32306
_d
32306